000
00222nam a2200097Ia 4500
008
190216s9999||||xx |||||||||||||| ||und||
100
_a
Raman Nair Vettoor
245
0
_a
Puzha
260
_b
Poorna Pubs Kozhikode
942
_c
BK
999
_c
26415
_d
26415